Operating systems: design and implementation /

Guardado en:
Detalles Bibliográficos
Autores principales: Tanenbaum, Andrew S (Autor), Woodhull, Albert S (Autor)
Formato: Libro
Lenguaje:inglés
Publicado: Prentice Hall, 1997
Edición:2.ed.
Materias:
Etiquetas: Agregar Etiqueta
Sin Etiquetas, Sea el primero en etiquetar este registro!

MARC

LEADER 00000nam a22000003a 4500
001 stu10293
005 20150617225805.1
008 971204s1997----xxu-----------------eng-d
020 |a 0-13-638677-6 
040 |a STU  |b slo 
041 0 |a eng 
044 |a xxu 
080 |a 681.32.066 
080 |a 681.327.8 
084 |a C6150N  |2 INS 
100 1 |a Tanenbaum, Andrew S  |4 aut 
245 1 |a Operating systems: design and implementation /  |c [aut.] Tanenbaum,Andrew S.; Woodhull,Albert S 
250 |a 2.ed. 
260 |b Prentice Hall,  |c 1997 
300 |a 939 s :  |b CD-ROM 
650 7 |a operačné systémy  |2 stusub 
650 7 |a distribuované systémy  |2 stusub 
700 1 |a Woodhull, Albert S  |4 aut 
996 |b I5112  |c I*5112  |l II680  |s A  |a 24  |w stu10293_0001